Antoni Tapies y el espíritu catalán / (Record no. 72291)
[ view plain ]
| 000 -LEADER | |
|---|---|
| campo de control de longitud fija | 00503nam a2200157 i 4500 |
| 001 - NÚMERO DE CONTROL | |
| campo de control | 72291 |
| 003 - IDENTIFICADOR DE NÚMERO DE CONTROL | |
| campo de control | ES-MaACL |
| 007 - CAMPO FIJO DE DESCRIPCIÓN FÍSICA--INFORMACIÓN GENERAL | |
| campo de control de longitud fija | t| |
| 008 - DATOS DE LONGITUD FIJA--INFORMACIÓN GENERAL | |
| campo de control de longitud fija | 040830s1974 sp ||||1| spa d |
| 100 0# - ENTRADA PRINCIPAL--NOMBRE DE PERSONA | |
| Nombre de persona | Gimferrer, Pere, |
| Fechas asociadas al nombre | 1945- |
| 9 (RLIN) | 57102 |
| 245 10 - MENCIÓN DEL TÍTULO | |
| Título | Antoni Tapies y el espíritu catalán / |
| Mención de responsabilidad, etc. | Pedro Gimferrer ; [traducido del catalán por el autor]. |
| 260 ## - PUBLICACIÓN, DISTRIBUCIÓN, ETC. | |
| Lugar de publicación, distribución, etc. | [Barcelona] : |
| Nombre del editor, distribuidor, etc. | Polígrafa, |
| Fecha de publicación, distribución, etc. | [1974] |
| 300 ## - DESCRIPCIÓN FÍSICA | |
| Extensión | 382 p., 161 lám. : |
| Otras características físicas | il. ; |
| Dimensiones | 28 cm. |
| 852 ## - LOCALIZACIÓN | |
| Ubicación | ES-MaACL |
| Número de control de estantería | E-6965 |
| Estatus retirado | Estado de pérdida | Estado de daño | No para préstamo | Biblioteca de origen | Biblioteca actual | Ubicación en estantería | Fecha de adquisición | Fuente de adquisición | Total de préstamos | Signatura topográfica completa | Código de barras | Visto por última vez | Precio de reemplazo | Tipo de ítem Koha |
|---|---|---|---|---|---|---|---|---|---|---|---|---|---|---|
| Biblioteca del Ateneo de Madrid | Biblioteca del Ateneo de Madrid | Depósito 2 | 17/01/2008 | E-6965 | 1075685 | 23/02/2023 | 23/02/2023 | Libro impreso |
